Los bárbaros en el Reino de Chile hacen ganchillo

El estrépito, los alaridos de las victorias, los lamentos de las derrotas, la mucha sangre derramada en el enfrentamiento de españoles y araucanos crearon el mito de la guerra heroica que obscureció "otra guerra", la que proviene del ejercicio del poder como guerra continua, una guerra silenciosa, e...

Descripción completa

Detalles Bibliográficos
Autor principal: Rodríguez F., Mario
Formato: Analitica de revista
Lenguaje:español
Publicado: Concepción : Acta Literaria, 2001.
Materias:
Acceso en línea:Acceso electrónico al documento

MARC

LEADER 00000nam a22000007a 4500
008 200409s2001 cl |||| |||| 00| 0 spa d
952 |0 0  |1 0  |2 ddc  |4 0  |7 0  |8 COMP  |9 93662  |a BC  |b BC  |c General  |d 2020-04-14  |l 0  |r 2020-04-14 00:00:00  |w 2020-04-14  |y REVA  |A 187  |B LENG 
999 |c 53293  |d 53293 
040 |a UAHC  |c UAHC 
100 |9 11586  |a Rodríguez F., Mario  
245 |a Los bárbaros en el Reino de Chile hacen ganchillo  |c Mario Rodríguez F.  
260 |a Concepción :  |b Acta Literaria,  |c 2001. 
300 |a p. 7-27. 
500 |a En: Acta Literaria. vol.12, no. 1, 2001. pp. 7-27. 
520 |a El estrépito, los alaridos de las victorias, los lamentos de las derrotas, la mucha sangre derramada en el enfrentamiento de españoles y araucanos crearon el mito de la guerra heroica que obscureció "otra guerra", la que proviene del ejercicio del poder como guerra continua, una guerra silenciosa, entendida como la relación de fuerza permanente que organizó las formas sociales de la Colonia. 
650 0 |9 1534  |a Poesias épicas chilenas 
650 0 |9 11589  |a Literatura Chilena Colonial  
856 |u https://scielo.conicyt.cl/scielo.php?script=sci_arttext&pid=S0717-68482001002600002  |y Acceso electrónico al documento 
942 |2 ddc  |c REVA